000
00209nam a2200097Ia 4500
008
240331s9999 xx 000 0 und d
082
_b
MIL
100
_a
Milch, R
245
0
_a
Goethe's Faust-parts 1
942
_c
L
999
_c
3144
_d
3144